Szczegóły MARC21

Poradnictwo zawodowe dla osób z grupy szczególnego ryzyka : wybrane aspekty /

005 -DATA I CZAS OSTATNIEJ MODYFIKACJI [,]
    • @
    • pole kontrolne
    • 20100517154740.0
020 -Międzynarod. znormalizowany nr książki - ISBN [ , ]
    • a
    • Numer ISBN
    • 9788376411668 Find
040 -Instytucja sporządzająca opis [ , ]
    • a
    • Instytucja, która sporządziła opis (NP)
    • SZCZ U/KLR
    • c
    • Instytucja, która sporządziła rekord (NP)
    • SZCZ U/KLR
    • d
    • Instytucja, która zmodyfikowała rekord (P)
    • SZCZ U/OG
041 -Język dokumentu [0, ]
    • a
    • Język tekstu (P)
    • polski
044 -Kraj miejsca wydania [ , ]
    • a
    • Kraj miejsca wydania
    • Polska
942 -Rodzaj dokumentu [ , ]
    • c
    • Rodzaj dokumentu
    • Książka
245 -Strefa tytułu i oznaczenia odpowiedzialności [0,0]
    • a
    • Tytuł
    • Poradnictwo zawodowe dla osób z grupy szczególnego ryzyka : Find
    • b
    • Ciąg dalszy tytułu (NP)
    • wybrane aspekty / Find
    • c
    • Pozostałe elementy strefy tytułu i oznaczenia odpowiedzialności (NP)
    • red. nauk. Daniel Kukla, Łukasz Bednarczyk.
260 -Strefa adresu wydawniczego [ , ]
    • a
    • Miejsce wydania (P)
    • Warszawa :
    • b
    • Nazwa wydawcy (P)
    • Difin,
    • c
    • Data wydania (P)
    • 2010.
300 -Strefa opisu fizycznego [ , ]
    • a
    • Określenie formy książki i/lub objętość (NP)
    • 318 s. :
    • b
    • Oznaczenie ilustracji (NP)
    • il. ;
    • c
    • Format (NP)
    • 23 cm.
504 -Uwaga dot. bibliogr. załącznikowej [ , ]
    • a
    • Uwaga dot. bibliografii załącznikowej
    • Bibliogr.
080 -Uniwersalna Klasyfikacja Dziesiętna [ , ]
    • 2
    • Identyfikator wydania tablic
    • UDC-P058
    • 9
    • UKD
    • 3052
    • a
    • Symbol klasyfikacji
    • 331.5
    • b
    • Dopowiedzenie
    • Rynek pracy. Zatrudnienie. Pełne zatrudnienie. Brak sił roboczych. Ruchliwość sił roboczych. Obcokrajowe siły robocze. Zatrudnienie cudzoziemców. Gastarbeiterzy. Praca za granicą. Rehabilitacja zawodowa.
    • 4
    • UKD2
    • 7642
    • x
    • Poddział wspólny
    • (438)
    • c
    • Dopowiedzenie poddz. wspólnego
    • (Polska).
    • 4
    • UKD2
    • 9283
    • x
    • Poddział wspólny
    • "2001/..."
    • c
    • Dopowiedzenie poddz. wspólnego
    • Od 2001.
080 -Uniwersalna Klasyfikacja Dziesiętna [ , ]
    • 2
    • Identyfikator wydania tablic
    • UDC-P058
    • 9
    • UKD
    • 3750
    • a
    • Symbol klasyfikacji
    • 364-785/-787
    • b
    • Dopowiedzenie
    • Poradnictwo. Przystosowanie społeczne. Rehabilitacja zawodowa. Przywracanie do pracy. Wsparcie społeczne. Zakłady pracy chronionej.
    • 4
    • UKD2
    • 7642
    • x
    • Poddział wspólny
    • (438)
    • c
    • Dopowiedzenie poddz. wspólnego
    • (Polska).
    • 4
    • UKD2
    • 9283
    • x
    • Poddział wspólny
    • "2001/..."
    • c
    • Dopowiedzenie poddz. wspólnego
    • Od 2001.
980 -Symbol UKD [ , ]
    • a
    • UKD
    • 331.5:364-785/-787](438)"2001/..."
700 -Hasło dodatkowe - nazwa osobowa [1, ]
    • 9
    • KHW
    • 715162
    • a
    • Nazwa osobowa (NP)
    • Bednarczyk, Łukasz. Find
    • e
    • Określenie rodzaju współpracy
    • Red.
700 -Hasło dodatkowe - nazwa osobowa [1, ]
    • a
    • Nazwa osobowa (NP)
    • Kukla, Daniel. Find
    • e
    • Określenie rodzaju współpracy
    • Red.
    • 9
    • KHW
    • 7376
920 -ISBN [ , ]
    • a
    • ISBN
    • 978-83-7641-166-8 Find
Data inwentaryzacji Lokalizacja Numer inwentarzowy Status udost.
2010-04-29BGZ.1142291